Las carreras en ingeniería en el marco de la globalización : una perspectiva de género.

Sábháilte in:
Sonraí bibleagrafaíochta
Príomhchruthaitheoir: García Guevara, Patricia (autor)
Formáid: Anaithnid
Teanga:Spáinnis
Ábhair:
Rochtain ar líne:Ver documento en línea
Clibeanna: Cuir clib leis
Níl clibeanna ann, Bí ar an gcéad duine le clib a chur leis an taifead seo!

MARC

LEADER 00000c**#a2200000ua#4500
001 000502938
003 DLC
005 20260512000000.0
008 070831c^^^^9999^^^^r1^^^^^^^^0^^^^0spa^d
009 20260512123342.458
022 |a 01851284 
035 |a FCE 000047133 
037 |a Acervo ITESO - Biblioteca 
041 |a spa 
095 |a RLEE  |b 02-3-91. 
100 |a García Guevara, Patricia  |e (autor) 
245 1 5 |a Las carreras en ingeniería en el marco de la globalización :  |b una perspectiva de género. 
264 |a México :  |b Centro de Estudios Educativos,  |c 2002. 
336 |a texto  |b txt  |2 rdacontenido 
337 |a sin mediación  |b n  |2 rdamedio 
338 |a volumen  |b nc  |2 rdasoporte 
649 |a XX 
650 |a Ingeniería 
650 |a Diferencias entre sexos 
650 |a Globalización 
740 |g vol. 32, no. 3, 2002, pp. 91-105.  |t Revista Latinoamericana de Estudios Educativos. Informes y notas, 
856 4 0 |u https://www.cee.edu.mx/rlee/revista/r2001_2010/r_texto/t_2002_3_05.pdf  |y Ver documento en línea 
910 |a Fondo Centro de Estudios Educativos 
920 |a Impresos - Libros 
930 |a Fondos Especiales 
905 |a 133 
902 |a https://opac.biblio.iteso.mx/vufind/Record/000502938